Sports Quiz

Random Sports or NFL Quiz

NFL Player by Madden Cover Quiz Stats

 Plays Quiz Updated Aug 20, 2018

Challenge
Share
Tweet
Score 0/20 Timer 05:00
3 Plays Today
% Correct
Tom Brady
99.7%
Rob Gronkowski
97.8%
Antonio Brown
97.3%
Odell Beckham Jr.
95.2%
Drew Brees
95%
Richard Sherman
94.4%
Adrian Peterson
93.9%
Calvin Johnson
92.7%
Brett Favre
89.5%
Troy Polamalu & Larry Fitzgerald
89.2%
% Correct
Barry Sanders
88.5%
Michael Vick
87.6%
Ray Lewis
87.5%
Donovan McNabb
81.4%
Marshall Faulk
75.1%
Vince Young
75%
Shaun Alexander
67.7%
Daunte Culpepper
66.5%
Peyton Hillis
63.2%
Eddie George
57.2%

You're not logged in!

Compare scores with friends on all Sporcle quizzes.
OR
Log In

You Might Also Like...

Show Comments

Extras

Top Quizzes Today


Score Distribution

Your Account Isn't Verified!

In order to create a playlist on Sporcle, you need to verify the email address you used during registration. Go to your Sporcle Settings to finish the process.

Report this User

Report this user for behavior that violates our Community Guidelines.

Details: